00414nam a2200169Ia 4500003000400000005001700004008004100021040000700062041000800069082002200077100001100099245005200110260003300162365001300195650002200208650001400230OSt20230606204401.0210423s2010 xx 000 0 und d cAL aeng a307.72 223bSHWR aSHWETA aRural sociology human migration and social work aNew DelhibKunal Booksc2010 b850cINR aRural Communities aSociology